| 000 | 00370pam a2200157a 44500 | ||
|---|---|---|---|
| 008 | 230515b2011 xxu||||| |||| 00| 0 eng d | ||
| 020 | _a978-81-312-2650-6 | ||
| 041 | _aENGLISH | ||
| 082 | _a610.73 | ||
| 100 | _aPOTTER PERRY,STO CKERT HALL | ||
| 245 | _aBASIC NURSING | ||
| 250 | _a7 | ||
| 260 |
_a _bELESVIER MOSBY. _c2011 |
||
| 300 | _aXIX,1227 | ||
| 650 | _aNULL | ||
| 999 |
_c506470 _d506470 |
||